000 01175nam a2200337Ia 4500
001 Z_7117
003 CHAP
005 20221028194224.0
008 220113s2018 xx 000 0 und d
010 _a170389
040 _cCHAP
090 _aTesis M376 2664
100 _aMartínez de Santiago, David
_9135040
245 _aManual de proceso de elaboración de alimentos balanceados /
_cDavid Martínez de Santiago
260 _aMéxico :
_bEl autor,
_c2018
300 _a68 p.
502 _aTesis (Ingeniero Agrónomo Eswpecialista en Zootecnia) -- UACh, 2018 \ Dirección: Carlos Sánchez del Real, asesoría: Alejandro Lara Bueno y José Luis Zaragoza Ramírez
650 _aAlimento balanceado
_9146814
650 _aElaboración
_9146815
650 _aManual
_9145842
650 _aProceso
_9146816
700 _a Lara Bueno, Alejandro, asesor
_9145121
700 _a Zaragoza Ramírez, José Luis, asesor
_9143236
700 _aSánchez del Real, Carlos, director
_9139076
856 4 2 _uhttp://10.13.5.2/tesis/sist114754.pdf
_yDescargar PDF
901 _aTESIS M376 2664
902 _aA
910 _a2018
942 _c2
_2ddc
942 _c2
_2ddc
999 _c170389
_d170389